Practical conversation in english: for intermediate students
Zapisane w:
| 1. autor: | |
|---|---|
| Format: | Książka |
| Język: | angielski |
| Wydane: |
Nueva York
Regents
1965
|
| Wydanie: | 1a. ed |
| Hasła przedmiotowe: | |
| Etykiety: |
Dodaj etykietę
Nie ma etykietki, Dołącz pierwszą etykiete!
|
MARC
| LEADER | 00000nam a2200000 a 4500 | ||
|---|---|---|---|
| 001 | UCK0922 | ||
| 003 | CL-VaPUC | ||
| 008 | 041029e19650000US |||||||||||||||||eng|d | ||
| 082 | 0 | 4 | |a 428 |b HAL |2 21 |
| 100 | |a Hall, Eugene J |e author |9 488714 | ||
| 245 | 1 | 0 | |a Practical conversation in english: for intermediate students |
| 250 | |a 1a. ed | ||
| 300 | |a 161 p | ||
| 942 | |c BK | ||
| 945 | |d 20041029 00:00:00 |a vberengu | ||
| 260 | |a Nueva York |b Regents |c 1965 | ||
| 650 | 0 | |a Lengua inglesa |9 318842 | |
| 650 | 0 | |a Enseñanza del inglés |9 367340 | |
| 650 | 0 | |a Libros de texto |9 270019 | |
| 650 | 0 | |a Educación lingüística |9 306506 | |
| 583 | |a last modification |c 20041029 00:00:00 |k Rodrigo Vera | ||
| 999 | |c 311072 |d 311070 | ||
| 952 | |0 0 |1 0 |4 0 |6 428_000000000000000_HAL_1965 |7 0 |8 A |9 380281 |a BIBEDU |b BIBEDU |d 2019-11-21 |i 4067673 |o 428 HAL 1965 |p 4067673 |r 2019-11-21 |w 2019-11-21 |y BK |k LIT | ||